000 00266nam a2200109Ia 4500
008 220216s9999 xx 000 0 und d
100 _aBerry J P
245 0 _aHelical spring stress relaxometer
260 _bIRI Transactions
_c1956
300 _a224-230
942 _cJS
999 _c60268
_d60268